000 00466nam a2200157 i 4500
001 85527
003 ES-MaACL
007 t|
008 041129s1933 fr ||||1| fre d
100 1 _aJudine, Serge.
_967192
245 1 3 _aLa transfusion du sang de cadavre a l'homme /
_cSerge Judine ; préface du A. Gosset.
260 _aParis :
_bMasson et Cie,
_c1933 (
_fLahure)
300 _aIV, 144 p. ;
_c24 cm.
700 1 _aGosset, A.
_959264
852 _aES-MaACL
_jE-1652
999 _c85527
_d85527